Kombinovaná doprava v logistických řetězcích

Vymedzenie pojmu dopravná logistika. Systém intermodálnej prepravy a kombinovaná preprava. Kontejnerová preprava a jej výhody. Ciele kontejnerovej prepravy v EÚ. Realizácia prepravy pomocou ucelených kontejnerových vlakov. Bohemia Express.

Guardado en:
Detalles Bibliográficos
Autor principal: Novák, Jaroslav
Formato: Capítulo de libro
Lenguaje:checo
Materias:
Etiquetas: Agregar Etiqueta
Sin Etiquetas, Sea el primero en etiquetar este registro!

MARC

LEADER 00000naa a2200000 4500
001 r033699
005 20230922090322.6
041 0 |a cze 
044 |a CZ 
245 1 0 |a Kombinovaná doprava v logistických řetězcích  |c Jaroslav Novák 
520 |a Vymedzenie pojmu dopravná logistika. Systém intermodálnej prepravy a kombinovaná preprava. Kontejnerová preprava a jej výhody. Ciele kontejnerovej prepravy v EÚ. Realizácia prepravy pomocou ucelených kontejnerových vlakov. Bohemia Express. 
610 2 0 |a logistika 
610 2 0 |a preprava 
610 2 0 |a doprava kombinovaná 
610 2 0 |a doprava kontajnerová 
610 2 0 |a firmy 
610 2 0 |a doprava nákladná 
610 2 0 |a tovar 
610 2 0 |a kontajnerizácia 
610 2 0 |a kontajnery 
610 2 0 |a Česko 
100 1 |a Novák, Jaroslav